|
|
|
|
| LEADER |
00000nas a2200000 i 4500 |
| 001 |
ssj0024631 |
| 003 |
WaSeSS |
| 005 |
20200512172242.0 |
| 006 |
m d |
| 007 |
cr n |
| 008 |
770413c19769999ii br p s 0 a0eng |
| 010 |
|
|
|a sn 79018920
|
| 016 |
7 |
|
|a 7701852
|2 DNLM
|
| 016 |
7 |
|
|a I09360000
|2 DNLM
|
| 016 |
7 |
|
|a 009848463
|2 Uk
|
| 022 |
|
|
|a 0973-3922
|l 0378-6323
|y 0378-6323
|
| 025 |
|
|
|a I-D-E-1661
|
| 030 |
|
|
|a IJDLDY
|
| 035 |
|
|
|a (WaSeSS)ssj0024631
|
| 040 |
|
|
|a NLM
|b eng
|c NLM
|d NSD
|d OCL
|d NSD
|d OCL
|d RCS
|d AIP
|d NST
|d DLC
|d NSD
|d OCL
|d OCLCQ
|d CUS
|d DLC
|d CLU
|d OCLCQ
|d OCLCO
|d OCLCQ
|d OCLCF
|d OCLCO
|d EUW
|d OCLCO
|d OCLCQ
|d OCLCO
|d RDF
|d OCLCO
|d OCLCQ
|d UKMGB
|d WaSeSS
|
| 041 |
0 |
|
|a eng
|b eng
|
| 042 |
|
|
|a nsdp
|
| 050 |
1 |
4 |
|a RL1
|
| 060 |
0 |
0 |
|a W1
|b IN208F
|
| 082 |
0 |
4 |
|a 616.505
|
| 210 |
0 |
|
|a Indian j. dermatol. venereol. leprol.
|
| 222 |
|
0 |
|a Indian journal of dermatology, venereology, and leprology
|
| 245 |
0 |
0 |
|a Indian journal of dermatology, venereology and leprology
|h [electronic resource].
|
| 246 |
1 |
3 |
|a IJDVL,
|b Nov./Dec. 2007
|
| 260 |
|
|
|a Vellore :
|b Indian Assn. of Dermatologists, Venereologists and Leprologists.
|
| 310 |
|
|
|a Bimonthly
|
| 362 |
0 |
|
|a V. 42 (Jan./Feb. 1976)-
|
| 506 |
|
|
|a License restrictions may limit access.
|
| 550 |
|
|
|a Published for IADVL by Medknow Publications, 2007-
|
| 588 |
|
|
|a Latest issue consulted: Vol. 73, issue 6 (Nov./Dec. 2007).
|
| 650 |
|
0 |
|a Sexually transmitted diseases
|v Periodicals.
|
| 650 |
|
2 |
|a Dermatology.
|
| 650 |
|
2 |
|a Leprosy.
|
| 650 |
|
2 |
|a Sexually Transmitted Diseases.
|
| 650 |
|
7 |
|a Sexually transmitted diseases.
|2 fast
|0 (OCoLC)fst01114952
|
| 655 |
|
0 |
|a Electronic journals.
|
| 710 |
2 |
|
|a Indian Association of Dermatologists, Venereologists, and Leprologists.
|
| 780 |
0 |
0 |
|t Indian journal of dermatology and venereology
|x 0019-5162
|
| 850 |
|
|
|a CSt-L
|a ICU
|
| 856 |
4 |
0 |
|z Full text available from Research Library: 01/01/2004 to present
|u https://search.proquest.com/publication/40640
|